[Event "MPL-1 Indian Chess Tour 2022"]
[Site "Online"]
[Date "2022.03.27"]
[Round "10.8"]
[White "Narayanan.S.L"]
[Black "Karthikeyan, Murali"]
[Result "1-0"]
[WhiteElo "2658"]
[BlackElo "2622"]
[Annotator "TA"]
[PlyCount "65"]
[EventDate "2022.03.30"]
[EventType "tourn"]
[EventCountry "NET"]
[SourceTitle "playchess.com"]
[Source "ChessBase"]
[SourceQuality "1"]

{[%evp 10,65,11,10,12,12,15,20,11,-17,33,35,54,30,52,30,54,20,20,19,20,19,20,-6,-11,-5,0,-7,-10,-28,-14,-26,0,0,0,-17,180,172,182,175,173,174,168,163,176,176,162,167,171,121,173,93,554,554,553,548,807,708]} 1. e4 e5 2. Nf3 Nc6 3. Bc4 Nf6 4. d3 Bc5 5. c3 O-O 6. Bg5 {[%cal Bc1g5,Bg5h4,Bh4g3][%mdl 32]} h6 {C54: Giuoco Piano: 4 c3 Nf6, main lines with 5 d4 and 5 d3.} 7. Bh4 Be7 8. Bg3 d6 {The position is equal.} 9. h3 $5 {[%mdl 4] A promising side line.} Be6 {[#]} ({Better is} 9... Na5 $11 10. Nbd2 Nh5) 10. Nbd2 $5 $146 {[%mdl 8] New and interesting.} ({Predecessor:} 10. Bxe6 fxe6 11. Nbd2 Qe8 12. O-O Nh5 13. Bh2 Qg6 14. Qb3 b6 15. Rae1 Nd8 16. d4 exd4 17. cxd4 {0-1 (34) So,W (2772)-Nakamura,H (2736) Chess.com INT 2021}) 10... Qd7 11. O-O Rfe8 12. Re1 Bf8 13. b4 Bxc4 14. Nxc4 b5 15. Ne3 a5 16. a3 (16. a4 $5 {[%cal Ra4b5]}) 16... d5 17. exd5 (17. Nxd5 {is interesting.} Nxd5 18. exd5 Qxd5 19. bxa5 Rxa5 20. d4) 17... Nxd5 18. Nxd5 Qxd5 19. Qe2 axb4 20. axb4 Rxa1 21. Rxa1 {[%cal Od3d4]} f5 22. Ra6 Re6 $2 {[#]} (22... g5 $11) 23. c4 $1 $18 Qd7 24. cxb5 Nxb4 25. Rxe6 ({Worse is} 25. Nxe5 Nxa6 26. bxa6 (26. Nxd7 $2 {loses.} Rxe2 27. Nxf8 Nb4 $19) 26... Qa4 $17) 25... Qxe6 26. Qxe5 ({Resist} 26. Bxe5 Bd6 $16) (26. Nxe5 $6 Nd5 $14) 26... Qd7 27. Qxc7 Qxb5 28. Ne5 {[#] Strongly threatening Qf7+.} Qe8 {Against Qf7+} 29. Nd7 (29. Qc4+ $18 Kh7 30. d4) 29... Be7 (29... f4 $16) 30. Qc4+ (30. d4 $18) 30... Kh7 $2 {[%mdl 8192]} (30... Qf7 $16) 31. Qe6 {White is clearly winning.} Nxd3 32. Bd6 Nxf2 33. Bxe7 {Weighted Error Value: White=0.13 (very precise) /Black=0.53} 1-0

[Event "MPL-1 Indian Chess Tour 2022"]
[Site "Online"]
[Date "2022.03.27"]
[Round "11.1"]
[White "Karthikeyan, Murali"]
[Black "Sethuraman, S.P."]
[Result "1/2-1/2"]
[WhiteElo "2622"]
[BlackElo "2619"]
[Annotator "ChessBase"]
[PlyCount "117"]
[EventDate "2022.03.30"]
[EventType "tourn"]
[EventCountry "NET"]
[SourceTitle "playchess.com"]
[Source "ChessBase"]
[SourceQuality "1"]
[TimeControl "5400+30"]

1. e4 {[%emt 1:15:40]} c5 {[%emt 1:15:40]} 2. Nf3 {[%emt 0:00:23]} d6 {[%emt 0:00:23]} 3. Bb5+ {[%emt 0:00:23]} Nd7 {[%emt 0:00:22]} 4. O-O {[%emt 0:00:25]} a6 {[%emt 0:00:26]} 5. Be2 {[%emt 0:00:21]} Ngf6 {[%emt 0:00:36]} 6. d3 {[%emt 0:00:21]} g6 {[%emt 0:00:28]} 7. c4 {[%emt 0:00:25]} Bg7 {[%emt 0:00:32]} 8. Nc3 {[%emt 0:00:21]} O-O {[%emt 0:00:21]} 9. d4 {[%emt 0:00:21]} cxd4 {[%emt 0:02:07]} 10. Nxd4 {[%emt 0:00:20]} Nc5 {[%emt 0:00:21]} 11. f3 {[%emt 0:00:37]} Qb6 {[%emt 0:01:21]} 12. Kh1 {[%emt 0:00:34]} Ne6 {[%emt 0:00:38]} 13. Nc2 {[%emt 0:00:46]} Bd7 {[%emt 0:00:43]} 14. Rb1 {[%emt 0:01:36]} Qa5 {[%emt 0:01:32]} 15. Be3 {[%emt 0:03:02]} Rfc8 {[%emt 0:00:26]} 16. b4 {[%emt 0:01:06]} Qd8 {[%emt 0:00:31]} 17. Nd5 {[%emt 0:00:29]} Nxd5 {[%emt 0:00:41]} 18. exd5 {[%emt 0:00:30]} Nf8 {[%emt 0:00:20]} 19. Bd4 {[%emt 0:00:56]} Bxd4 {[%emt 0:00:55]} 20. Qxd4 {[%emt 0:00:33]} a5 {[%emt 0:00:57]} 21. a3 {[%emt 0:00:36]} axb4 {[%emt 0:00:25]} 22. axb4 {[%emt 0:00:20]} Bf5 {[%emt 0:00:26]} 23. Rb2 {[%emt 0:01:27]} Bxc2 {[%emt 0:00:24]} 24. Rxc2 {[%emt 0:00:23]} Nd7 {[%emt 0:00:22]} 25. g3 {[%emt 0:03:07]} Qb6 {[%emt 0:00:40]} 26. Qd2 {[%emt 0:00:32]} Ra3 {[%emt 0:00:40]} 27. Rfc1 {[%emt 0:01:20]} Qf2 {[%emt 0:02:39]} 28. f4 {[%emt 0:01:17]} Nf6 {[%emt 0:00:42]} 29. Bf1 {[%emt 0:01:16]} Qxd2 {[%emt 0:02:59]} 30. Rxd2 {[%emt 0:00:20]} Rb3 {[%emt 0:00:24]} 31. b5 {[%emt 0:00:39]} Kf8 {[%emt 0:05:03]} 32. Re1 {[%emt 0:00:50]} Nd7 {[%emt 0:01:00]} 33. Bh3 {[%emt 0:01:12]} f5 {[%emt 0:00:22]} 34. Rde2 {[%emt 0:00:48]} Re8 {[%emt 0:00:21]} 35. Bf1 {[%emt 0:00:49]} Ra3 {[%emt 0:01:02]} 36. Kg2 {[%emt 0:03:28]} Nc5 {[%emt 0:00:21]} 37. h3 {[%emt 0:00:56]} Ne4 {[%emt 0:01:01]} 38. g4 {[%emt 0:00:30]} Rea8 {[%emt 0:00:22]} 39. Kh2 {[%emt 0:00:35]} Ra2 {[%emt 0:00:44]} 40. Bg2 {[%emt 0:00:37]} Rxe2 {[%emt 0:00:22]} 41. Rxe2 {[%emt 0:00:20]} Nc5 {[%emt 0:00:21]} 42. gxf5 {[%emt 0:00:40]} gxf5 {[%emt 0:00:22]} 43. h4 {[%emt 0:00:21]} Ra4 {[%emt 0:01:18]} 44. Rc2 {[%emt 0:00:21]} Kf7 {[%emt 0:00:27]} 45. Bf1 {[%emt 0:00:31]} Ra1 {[%emt 0:00:34]} 46. Bh3 {[%emt 0:00:27]} Kf6 {[%emt 0:00:28]} 47. Rg2 {[%emt 0:00:22]} Ne4 {[%emt 0:00:33]} 48. Rg8 {[%emt 0:00:27]} Ra2+ {[%emt 0:00:21]} 49. Kg1 {[%emt 0:00:22]} Nd2 {[%emt 0:00:39]} 50. Rf8+ {[%emt 0:00:37]} Kg7 {[%emt 0:00:21]} 51. Re8 {[%emt 0:00:21]} Kf7 {[%emt 0:00:26]} 52. Rh8 {[%emt 0:00:25]} Kg7 {[%emt 0:00:37]} 53. Re8 {[%emt 0:00:30]} Kf7 {[%emt 0:00:21]} 54. Rh8 {[%emt 0:00:21]} Ra1+ {[%emt 0:00:31]} 55. Kh2 {[%emt 0:01:00]} Kg7 {[%emt 0:00:28]} 56. Re8 {[%emt 0:00:35]} Kf7 {[%emt 0:00:21]} 57. Rh8 {[%emt 0:00:21]} Kg7 {[%emt 0:00:42]} 58. Re8 {[%emt 0:00:26]} Kf7 {[%emt 0:00:27]} 59. Rh8 {[%emt 0:00:23]} 1/2-1/2

[Event "MPL-1 Indian Chess Tour 2022"]
[Site "Online"]
[Date "2022.03.27"]
[Round "11.2"]
[White "Aryan Chopra"]
[Black "Narayanan.S.L"]
[Result "0-1"]
[WhiteElo "2585"]
[BlackElo "2658"]
[Annotator "TA"]
[PlyCount "96"]
[EventDate "2022.03.30"]
[EventType "tourn"]
[EventCountry "NET"]
[SourceTitle "playchess.com"]
[Source "ChessBase"]
[SourceQuality "1"]

{[%evp 9,96,14,4,17,13,6,6,0,0,0,3,-40,-41,-51,-31,-70,-68,-70,-54,-54,-31,-46,-58,-65,-55,-91,-75,-88,-77,-77,-75,-83,-66,-70,-69,-58,-56,-51,-45,-47,-43,-50,-50,-59,-45,-45,-52,-48,-45,-45,-33,-45,0,-62,0,0,0,0,0,-85,-72,-72,-72,-67,-72,-71,-54,-56,-187,-924,-924,-895,-916,-916,-916,-916,-916,-914,-907,-907,-902,-897,-894,-870,-887,-875,-868,-879,-866]} 1. c4 e5 2. Nc3 Nf6 3. Nf3 Nc6 4. e4 h6 5. a3 d6 6. d4 {A28: English Opening: Four Knights Variation.} Bg4 7. d5 Nd4 8. Be3 {The position is equal.} Nxf3+ 9. gxf3 Bd7 10. b4 {[#]} Nh5 $146 ({Predecessor:} 10... Be7 11. Rg1 Nh5 12. Rc1 Bg5 13. Qd2 Bxe3 14. fxe3 O-O 15. Qg2 f5 16. exf5 Bxf5 {½-½ (42) Willems,N (2348)-Sokolov,A (2497) Switzerland 2019}) 11. c5 Be7 12. Bb5 Bxb5 13. Nxb5 a6 14. Nc3 Bg5 15. c6 b6 16. Kd2 O-O 17. Kc2 f5 {[%cal Bf7f5,Bf5f4][%mdl 32]} 18. Kb3 Bxe3 (18... a5 {feels hotter.} 19. Rg1 Bxe3 20. fxe3 f4) 19. fxe3 {[%cal Of3f4]} f4 20. Qe2 Qf6 21. Raf1 Rf7 22. Rhg1 Kh7 23. Rg4 Qe7 24. exf4 Nxf4 25. Qd2 b5 26. Ne2 {[%cal Re2f4]} Nxe2 27. Qxe2 Qf8 28. Rg3 Qb8 29. Qd2 Qb6 {White must now prevent ...a5.} 30. Qf2 Qb8 {Threatens to win with ...a5.} 31. Qd2 $1 Ra7 (31... Qa7 $15) 32. f4 $11 a5 33. bxa5 Qa8 $1 34. Rgf3 (34. Kb2 $11 Rxa5 35. Qg2) 34... Rxa5 $17 35. Qb2 exf4 36. Rxf4 Rxf4 37. Rxf4 {[%mdl 4096] Endgame [#] KQR-KQR} b4 $1 38. axb4 {Rf7 is the strong threat.} Ra1 {Hoping for ...Qa4+. White does not recover from this.} 39. Rf7 $2 (39. Rf3) 39... Qa4+ $19 {Black is clearly winning.} 40. Kc4 Qa6+ 41. Kc3 Ra3+ ({Not} 41... Re1 {[#]} 42. Rxg7+ $3 {[%mdl 512]} (42. b5 $2 Qa5+ 43. Kd3 Rd1+ 44. Ke3 Qe1+ 45. Qe2 Qc3+ 46. Kf4 Rd2 $19) 42... Kxg7 43. Kd2+ Kh7 44. Kxe1 $16) 42. Kd2 Ra2 43. Qxa2 Qxa2+ {KQ-KR} 44. Kc3 Qa7 45. Kc4 Qa6+ 46. Kc3 Qb6 47. Kc4 Kg6 {( -> ...Qa6+)} 48. Rd7 Kf6 {Weighted Error Value: White=0.20 (precise) /Black=0.05 (flawless)} 0-1

[Event "MPL-1 Indian Chess Tour 2022"]
[Site "Online"]
[Date "2022.03.27"]
[Round "11.3"]
[White "Gukesh D"]
[Black "Mendonca, Leon Luke"]
[Result "1-0"]
[WhiteElo "2614"]
[BlackElo "2536"]
[Annotator "ChessBase"]
[PlyCount "93"]
[EventDate "2022.03.30"]
[EventType "tourn"]
[EventCountry "NET"]
[SourceTitle "playchess.com"]
[Source "ChessBase"]
[SourceQuality "1"]
[TimeControl "5400+30"]

1. e4 {[%emt 1:15:40]} c5 {[%emt 1:15:40]} 2. Nf3 {[%emt 0:00:24]} d6 {[%emt 0:00:22]} 3. d4 {[%emt 0:00:24]} cxd4 {[%emt 0:00:21]} 4. Nxd4 {[%emt 0:00:21]} Nf6 {[%emt 0:00:22]} 5. Nc3 {[%emt 0:00:22]} a6 {[%emt 0:00:21]} 6. Qd3 {[%emt 0:00:23]} e6 {[%emt 0:00:32]} 7. a4 {[%emt 0:01:45]} b6 {[%emt 0:00:24]} 8. Qg3 {[%emt 0:01:22]} Bb7 {[%emt 0:01:01]} 9. f3 {[%emt 0:00:26]} Nbd7 {[%emt 0:01:08]} 10. Be2 {[%emt 0:00:37]} Be7 {[%emt 0:01:44]} 11. Qxg7 {[%emt 0:03:48]} Rg8 {[%emt 0:00:26]} 12. Qh6 {[%emt 0:00:21]} Rxg2 {[%emt 0:00:35]} 13. Be3 {[%emt 0:00:22]} Rg6 {[%emt 0:02:34]} 14. Qh3 {[%emt 0:00:24]} Rc8 {[%emt 0:05:13]} 15. Bd2 {[%emt 0:03:56]} Ne5 {[%emt 0:01:40]} 16. Qf1 {[%emt 0:03:19]} d5 {[%emt 0:01:37]} 17. O-O-O {[%emt 0:00:21]} dxe4 {[%emt 0:01:17]} 18. Bxa6 {[%emt 0:00:54]} Nd3+ {[%emt 0:02:29]} 19. Bxd3 {[%emt 0:00:22]} exd3 {[%emt 0:00:21]} 20. Qxd3 {[%emt 0:00:21]} Kf8 {[%emt 0:01:10]} 21. Rhe1 {[%emt 0:01:36]} Kg8 {[%emt 0:00:45]} 22. f4 {[%emt 0:00:21]} Bc5 {[%emt 0:00:53]} 23. Ncb5 {[%emt 0:02:02]} Qd5 {[%emt 0:00:27]} 24. Kb1 {[%emt 0:01:08]} Ne4 {[%emt 0:00:38]} 25. Be3 {[%emt 0:00:21]} Qh5 {[%emt 0:00:31]} 26. f5 {[%emt 0:00:31]} exf5 {[%emt 0:00:27]} 27. Rf1 {[%emt 0:00:20]} Rd8 {[%emt 0:00:43]} 28. Rxf5 {[%emt 0:00:31]} Qxh2 {[%emt 0:00:24]} 29. Qc4 {[%emt 0:00:36]} Rd7 {[%emt 0:00:39]} 30. Rdf1 {[%emt 0:01:45]} Rg7 {[%emt 0:00:21]} 31. Ka1 {[%emt 0:00:39]} Qh3 {[%emt 0:00:43]} 32. R5f3 {[%emt 0:00:24]} Qg4 {[%emt 0:00:24]} 33. Nf5 {[%emt 0:00:38]} Rg6 {[%emt 0:00:36]} 34. Nh6+ {[%emt 0:00:33]} Rxh6 {[%emt 0:00:22]} 35. Bxh6 {[%emt 0:00:20]} Bd5 {[%emt 0:00:32]} 36. Qd3 {[%emt 0:00:35]} Bc6 {[%emt 0:00:31]} 37. Rf4 {[%emt 0:00:31]} Qg6 {[%emt 0:00:33]} 38. Qh3 {[%emt 0:00:26]} Nf2 {[%emt 0:00:33]} 39. R1xf2 {[%emt 0:00:34]} Bxf2 {[%emt 0:00:25]} 40. Rg4 {[%emt 0:00:28]} Rd1+ {[%emt 0:00:33]} 41. Ka2 {[%emt 0:00:21]} Bd5+ {[%emt 0:00:30]} 42. b3 {[%emt 0:00:21]} Rh1 {[%emt 0:00:32]} 43. Rxg6+ {[%emt 0:00:25]} hxg6 {[%emt 0:00:20]} 44. Qc8+ {[%emt 0:00:38]} Kh7 {[%emt 0:00:22]} 45. Bd2 {[%emt 0:00:24]} Be6 {[%emt 0:00:24]} 46. Qb8 {[%emt 0:00:36]} g5 {[%emt 0:00:45]} 47. Bxg5 {[%emt 0:00:27]} 1-0

[Event "MPL-1 Indian Chess Tour 2022"]
[Site "Online"]
[Date "2022.03.31"]
[Round "11.4"]
[White "Sadhwani, Raunak"]
[Black "Ganguly, Surya Shekhar"]
[Result "1-0"]
[WhiteElo "2616"]
[BlackElo "2627"]
[Annotator "ChessBase"]
[PlyCount "101"]
[EventDate "2022.03.30"]
[EventType "tourn"]
[EventCountry "NET"]
[SourceTitle "playchess.com"]
[Source "ChessBase"]
[SourceQuality "1"]
[TimeControl "5400+30"]

1. e4 {[%emt 1:15:40]} c5 {[%emt 1:15:40]} 2. Nf3 {[%emt 0:00:22]} d6 {[%emt 0:00:22]} 3. d4 {[%emt 0:00:31]} cxd4 {[%emt 0:00:21]} 4. Nxd4 {[%emt 0:00:20]} Nf6 {[%emt 0:00:21]} 5. Nc3 {[%emt 0:00:20]} a6 {[%emt 0:00:21]} 6. h3 {[%emt 0:00:23]} e5 {[%emt 0:00:25]} 7. Nb3 {[%emt 0:00:21]} Be7 {[%emt 0:00:42]} 8. g4 {[%emt 0:00:34]} h6 {[%emt 0:00:22]} 9. Be3 {[%emt 0:00:48]} Be6 {[%emt 0:00:23]} 10. Qf3 {[%emt 0:01:45]} Nbd7 {[%emt 0:00:27]} 11. O-O-O {[%emt 0:00:22]} Rc8 {[%emt 0:02:07]} 12. Nd5 {[%emt 0:00:29]} Bxd5 {[%emt 0:01:12]} 13. exd5 {[%emt 0:00:19]} Nb6 {[%emt 0:01:31]} 14. Kb1 {[%emt 0:04:21]} Nc4 {[%emt 0:02:05]} 15. Bxc4 {[%emt 0:00:55]} Rxc4 {[%emt 0:00:22]} 16. Nd2 {[%emt 0:00:23]} Rc8 {[%emt 0:01:24]} 17. h4 {[%emt 0:00:22]} Qc7 {[%emt 0:01:12]} 18. c3 {[%emt 0:00:46]} h5 {[%emt 0:00:54]} 19. g5 {[%emt 0:00:29]} Ng4 {[%emt 0:00:22]} 20. Ne4 {[%emt 0:00:35]} Nxe3 {[%emt 0:01:13]} 21. fxe3 {[%emt 0:00:31]} g6 {[%emt 0:00:40]} 22. Rhf1 {[%emt 0:00:26]} Rf8 {[%emt 0:00:54]} 23. Rf2 {[%emt 0:01:13]} Qc4 {[%emt 0:00:25]} 24. b3 {[%emt 0:00:30]} Qb5 {[%emt 0:00:29]} 25. Kb2 {[%emt 0:00:54]} Kd8 {[%emt 0:00:48]} 26. a4 {[%emt 0:00:41]} Qd7 {[%emt 0:00:25]} 27. Rdf1 {[%emt 0:00:33]} b5 {[%emt 0:00:53]} 28. a5 {[%emt 0:00:50]} Qc7 {[%emt 0:00:24]} 29. Qh3 {[%emt 0:02:14]} Ke8 {[%emt 0:03:02]} 30. Rc2 {[%emt 0:01:13]} Rb8 {[%emt 0:00:30]} 31. Ra1 {[%emt 0:01:40]} Qd7 {[%emt 0:00:33]} 32. Qxd7+ {[%emt 0:00:58]} Kxd7 {[%emt 0:00:22]} 33. Rf1 {[%emt 0:00:27]} Bd8 {[%emt 0:01:03]} 34. c4 {[%emt 0:01:42]} bxc4 {[%emt 0:00:48]} 35. Rxc4 {[%emt 0:00:20]} Rb5 {[%emt 0:00:22]} 36. Rc6 {[%emt 0:00:47]} Rxd5 {[%emt 0:02:37]} 37. Rxa6 {[%emt 0:00:23]} Ke6 {[%emt 0:00:39]} 38. b4 {[%emt 0:00:37]} Bc7 {[%emt 0:01:59]} 39. Ra7 {[%emt 0:00:48]} Rc8 {[%emt 0:01:05]} 40. Rf6+ {[%emt 0:01:01]} Ke7 {[%emt 0:00:23]} 41. Nc3 {[%emt 0:00:20]} Rd2+ {[%emt 0:00:25]} 42. Kb3 {[%emt 0:00:50]} Ke8 {[%emt 0:00:33]} 43. Nb5 {[%emt 0:00:36]} Bb8 {[%emt 0:00:25]} 44. Raxf7 {[%emt 0:01:21]} Rd3+ {[%emt 0:00:22]} 45. Ka4 {[%emt 0:00:29]} Rc1 {[%emt 0:00:22]} 46. Na7 {[%emt 0:00:53]} Bxa7 {[%emt 0:00:45]} 47. Rxa7 {[%emt 0:00:20]} Rd5 {[%emt 0:00:22]} 48. Rxg6 {[%emt 0:00:39]} Kf8 {[%emt 0:00:23]} 49. Rh6 {[%emt 0:00:29]} Kg8 {[%emt 0:00:21]} 50. Re6 {[%emt 0:00:33]} Kf8 {[%emt 0:00:38]} 51. g6 {[%emt 0:00:24]} 1-0

[Event "MPL-1 Indian Chess Tour 2022"]
[Site "Online"]
[Date "2022.03.27"]
[Round "11.5"]
[White "Gupta, Abhijeet"]
[Black "Harika, Dronavalli"]
[Result "0-1"]
[WhiteElo "2628"]
[BlackElo "2517"]
[Annotator "TA"]
[PlyCount "123"]
[EventDate "2022.03.30"]
[EventType "tourn"]
[EventCountry "NET"]
[SourceTitle "playchess.com"]
[Source "ChessBase"]
[SourceQuality "1"]

{[%evp 9,123,20,33,16,27,19,20,22,24,38,37,35,42,11,20,8,14,1,5,7,6,7,18,9,45,0,0,0,0,0,0,0,0,0,28,0,36,15,134,141,143,131,162,172,183,183,190,187,170,167,151,24,22,0,0,0,0,-70,-65,-98,-100,-194,-161,-156,-155,-259,-261,-247,-253,-283,-268,-286,-267,-401,-284,-644,-633,-654,-643,-556,-491,-463,-454,-647,-627,-585,-479,-483,-500,-1125,-1106,-1654,-1649,-1272,-1368,-11878,-5756,-29974,-29976,-29979,-29981,-29982,-29983,-29985,-29986,-29987,-29988,-29987,-29981,-29987,-29981,-29981,-29982,-29982,-29983,-29983]} 1. d4 d6 2. e4 e5 3. dxe5 dxe5 4. Qxd8+ Kxd8 5. Be3 c6 6. Nd2 {[#] B07: Pirc Defence: Miscellaneous Systems.} f6 $146 ({Predecessor:} 6... Ne7 7. O-O-O Ng6 8. h4 h5 9. g3 f6 10. f4 Bg4 11. Be2 Bxe2 12. Nxe2 Nd7 {1-0 (37) Castellano,C (2249)-Dimakiling,O (2479) Manila 2008}) 7. a4 Kc7 8. a5 {The position is equal.} Be6 9. Bc4 Bxc4 10. Nxc4 {[%cal Oc4b6]} Na6 11. c3 Nc5 12. Nd2 g6 ({Don't take} 12... Nd3+ 13. Ke2 Nc5 14. b4 $14) 13. b4 Ne6 14. Ngf3 Nh6 {[%cal Bg8h6,Bh6f7,Bf7d6][%mdl 32]} 15. Nc4 Nf7 16. Ke2 Nd6 17. Nfd2 Nb5 18. Rhc1 h5 19. Nb3 Bh6 20. Nc5 Nxc5 21. bxc5 a6 22. Kd3 Rae8 23. Kc2 f5 (23... Bf4 $11) 24. Bxh6 $16 Rxh6 25. Re1 $1 f4 26. Rad1 Rh7 27. Rd3 Rd7 {[#]} 28. Red1 $1 Rxd3 29. Rxd3 $18 {[%mdl 4096] Endgame KRN-KRN} g5 30. Nd6 (30. f3 $16) 30... Rd8 $11 {[%cal Rb5d6]} 31. Nf7 (31. Rh3 $5 {[%cal Rd6f7]} Nxd6 32. cxd6+ Kxd6 33. Rxh5 $14) 31... Na3+ 32. Kd2 $1 Nc4+ 33. Ke2 (33. Kc2 $1 $11 Na3+ 34. Kd2 Nc4+ 35. Kc2 Na3+) 33... Rg8 $15 34. f3 g4 35. Kf2 (35. fxg4 $17 hxg4 36. Rd1) 35... gxf3 36. Kxf3 Rg6 37. Kf2 {[#]} (37. Rd1 $17) 37... Rf6 $1 $19 38. Ng5 Nxa5 {Threatens to win with ...Nb3.} 39. Rh3 Nb3 40. Rxh5 Nxc5 41. Rh8 (41. Ke2 {was necessary.}) 41... a5 {...a4 is the strong threat.} 42. Ra8 $2 (42. Ke2) 42... a4 43. Ke2 Rg6 44. h4 Rh6 45. Nf3 Nxe4 46. Kd3 (46. Nxe5 $142 Rxh4 47. c4) 46... Nc5+ 47. Kc4 Nd7 48. Re8 Rg6 49. Re7 (49. Ng5 $142 Rh6 50. Nf3) 49... Rxg2 {Strongly threatening ...Kd6.} 50. Nxe5 {[#]} Kd6 $1 51. Rxd7+ Kxe5 52. Rxb7 {KR-KR} a3 {( -> ...f3)} 53. Re7+ Kf5 {Black mates.} 54. Rf7+ Kg4 55. Rg7+ Kh3 56. Ra7 f3 57. Kd3 f2 58. Ke2 a2 59. h5 Rg1 60. Kxf2 a1=Q 61. Rxa1 Rxa1 62. h6 {Quite a comeback for Black.  Weighted Error Value: White=0.62/Black=0.10 (very precise)} 0-1

[Event "MPL-1 Indian Chess Tour 2022"]
[Site "Online"]
[Date "2022.03.27"]
[Round "11.6"]
[White "Iniyan, P."]
[Black "Adhiban, B.."]
[Result "1/2-1/2"]
[WhiteElo "2516"]
[BlackElo "2648"]
[Annotator "TA"]
[PlyCount "45"]
[EventDate "2022.03.30"]
[EventType "tourn"]
[EventCountry "NET"]
[SourceTitle "playchess.com"]
[Source "ChessBase"]
[SourceQuality "1"]

{[%evp 13,45,0,1,3,9,4,0,4,4,0,0,0,1,0,0,0,0,-2,6,10,11,10,11,0,12,0,0,0,16,0,0,0,28,0]} 1. d4 d5 2. c4 e6 3. Nc3 c6 4. cxd5 exd5 5. Nf3 Nf6 6. Bg5 Be7 7. e3 Bf5 8. Ne5 {D35: Queen's Gambit Declined: Exchange Variation.} Nbd7 9. Bd3 Bxd3 10. Nxd3 {The position is equal.} O-O {[#]} 11. Qb3 $146 ({Predecessor:} 11. O-O Bd6 12. b4 h6 13. Bf4 {1-0 (13) Hliva,R (2070)-Lahdenmaeki,L (2035) ICCF email 2020}) 11... Qb6 12. Qc2 a5 13. O-O h6 14. Bh4 Rfe8 15. Rab1 Qd8 16. f3 Nf8 17. Bf2 Ne6 18. Rbd1 Rc8 19. Ne5 Bd6 20. Bh4 Be7 21. Bf2 Bd6 22. Bh4 Be7 23. Bf2 {An interesting draw.  Weighted Error Value: White=0.03 (flawless) /Black=0.02 (flawless)} 1/2-1/2

[Event "MPL-1 Indian Chess Tour 2022"]
[Site "Online"]
[Date "2022.03.27"]
[Round "11.7"]
[White "Lalith Babu M R"]
[Black "Erigaisi Arjun"]
[Result "1/2-1/2"]
[WhiteElo "2563"]
[BlackElo "2633"]
[Annotator "COMBH"]
[PlyCount "95"]
[EventDate "2022.03.30"]
[EventType "tourn"]
[EventCountry "NET"]
[SourceTitle "playchess.com"]
[Source "ChessBase"]
[SourceQuality "1"]
[TimeControl "5400+30"]

1. c4 {[%emt 1:15:40]} Nf6 {[%emt 1:15:40]} 2. Nc3 {[%emt 0:00:23]} g6 {[%emt 0:00:22]} 3. d4 {[%emt 0:00:35]} Bg7 {[%emt 0:00:22]} 4. e4 {[%emt 0:00:22]} d6 {[%emt 0:00:22]} 5. Be2 {[%emt 0:00:21]} O-O {[%emt 0:00:22]} 6. Be3 {[%emt 0:00:21]} Nc6 {[%emt 0:00:22]} 7. d5 {[%emt 0:00:35]} Ne5 {[%emt 0:00:23]} 8. h3 {[%emt 0:00:22]} e6 {[%emt 0:01:04]} 9. Nf3 {[%emt 0:00:41]} Nxf3+ {[%emt 0:02:13]} 10. Bxf3 {[%emt 0:00:23]} Nd7 {[%emt 0:00:21]} 11. O-O {[%emt 0:00:30]} Bxc3 {[%emt 0:01:09]} 12. bxc3 {[%emt 0:00:23]} e5 {[%emt 0:00:21]} 13. Qd2 {[%emt 0:01:22]} b6 {[%emt 0:00:42]} 14. Be2 {[%emt 0:00:44]} Nc5 {[%emt 0:01:21]} 15. Qc2 {[%emt 0:01:15]} f5 {[%emt 0:01:35]} 16. exf5 {[%emt 0:01:24]} Bxf5 {[%emt 0:00:20]} 17. Qc1 {[%emt 0:00:29]} Bd3 {[%emt 0:00:39]} 18. Bg5 {[%emt 0:00:55]} Qd7 {[%emt 0:01:10]} 19. Qe3 {[%emt 0:00:51]} Bxe2 {[%emt 0:00:47]} 20. Qxe2 {[%emt 0:00:22]} Qf5 {[%emt 0:00:21]} 21. Bh6 {[%emt 0:00:30]} Rf6 {[%emt 0:00:29]} 22. f4 {[%emt 0:00:30]} Qd3 {[%emt 0:01:21]} 23. Rae1 {[%emt 0:01:52]} Qxe2 {[%emt 0:03:16]} 24. Rxe2 {[%emt 0:00:22]} Nd3 {[%emt 0:00:20]} 25. g3 {[%emt 0:01:03]} exf4 {[%emt 0:00:45]} 26. gxf4 {[%emt 0:00:22]} Rf5 {[%emt 0:00:48]} 27. Re3 {[%emt 0:01:47]} Nb2 {[%emt 0:00:31]} 28. Re7 {[%emt 0:00:34]} Rf7 {[%emt 0:02:24]} 29. Rfe1 {[%emt 0:00:23]} Rxe7 {[%emt 0:00:24]} 30. Rxe7 {[%emt 0:00:21]} Nxc4 {[%emt 0:00:43]} 31. Kf2 {[%emt 0:01:57]} b5 {[%emt 0:01:29]} 32. Rg7+ {[%emt 0:00:38]} Kh8 {[%emt 0:00:21]} 33. Rxc7 {[%emt 0:00:21]} Nb6 {[%emt 0:00:23]} 34. Bg7+ {[%emt 0:00:21]} Kg8 {[%emt 0:00:22]} 35. Bd4 {[%emt 0:00:20]} Nxd5 {[%emt 0:00:39]} 36. Rg7+ {[%emt 0:00:22]} Kf8 {[%emt 0:00:21]} 37. Rxh7 {[%emt 0:00:25]} Re8 {[%emt 0:00:21]} 38. Kf3 {[%emt 0:01:46]} a5 {[%emt 0:00:24]} 39. Ra7 {[%emt 0:01:45]} b4 {[%emt 0:01:24]} 40. c4 {[%emt 0:00:24]} Ne7 {[%emt 0:00:22]} 41. Rxa5 {[%emt 0:00:38]} Rc8 {[%emt 0:00:21]} 42. Bf6 {[%emt 0:03:51]} Rxc4 {[%emt 0:00:24]} 43. Bxe7+ {[%emt 0:00:55]} Kxe7 {[%emt 0:00:19]} 44. Rb5 {[%emt 0:00:26]} Ke6 {[%emt 0:00:34]} 45. Kg4 {[%emt 0:00:28]} Rc2 {[%emt 0:00:21]} 46. Rxb4 {[%emt 0:00:27]} Rg2+ {[%emt 0:00:25]} 47. Kf3 {[%emt 0:00:22]} Rxa2 {[%emt 0:00:32]} 48. Rb8 {[%emt 0:00:21]} 1/2-1/2